Glossary of communications /

Bibliographic Details
Main Author: Smith, Emerson Curtis, 1905-
Format: Book
Language:English
Published: Chicago : Telephony Pub. Corp., [1971]
Edition:[1st ed.].
Subjects:

MARC

Tag First Indicator Second Indicator Subfields
LEADER 00000cam a2200000 4500
001 in00000097240
005 20150925114609.0
008 720104s1971 ilu d 00010 eng
010 |a  70169786  
035 |a (OCoLC)00221238 
035 |9 AAL2695AM 
040 |a DLC  |c DLC  |d TXA  |d UtOrBLW 
049 |a TXAF  |c [1016578] 
050 0 0 |a TK5102  |b .S6 
082 0 |a 621.38/03 
100 1 |a Smith, Emerson Curtis,  |d 1905- 
245 1 0 |a Glossary of communications /  |c by Emerson C. Smith. 
250 |a [1st ed.]. 
264 1 |a Chicago :  |b Telephony Pub. Corp.,  |c [1971] 
300 |a xiv, 547 pages ;  |c 21 cm. 
336 |a text  |b txt  |2 rdacontent 
337 |a unmediated  |b n  |2 rdamedia 
338 |a volume  |b nc  |2 rdacarrier 
650 0 |a Telecommunication  |v Dictionaries. 
999 |a MARS 
999 f f |s 69770bf8-bb23-3d06-bf67-bf7584572d45  |i 64c02c93-1f26-3846-8ee2-a52e1e4b2b90  |t 0 
952 f f |p ric  |a Texas A&M University  |b Rellis Campus  |c Joint Library Facility  |d Remote Storage  |t 0  |e TK5102 .S6  |h Library of Congress classification  |i unmediated -- volume  |m A14805901410 
998 f f |a TK5102 .S6  |t 0  |l Remote Storage